000 00426nam a2200157 i 4500
001 94000
003 ES-MaACL
005 20230906181348.0
007 t|
008 050426s1931 sp ||||1| spa d
100 1 _aLópez-Rey y Arrojo, Manuel.
_973916
245 1 0 _aJusticia
_b: poder civil /
_cManuel López-Rey y Arrojo.
260 _aMadrid :
_bPueyo,
_c1931.
300 _a106 p. ;
_c17 cm.
852 _aES-MaACL
_jF-19667
999 _c94000
_d94000